000 00976nam a22002657i 4500
003 EG-ScBUE
005 20231022121207.0
008 200219s2023 e a f b 001 0 eng d
020 _a9789355512161
040 _aEG-ScBUE
_beng
_erda
_cEG-ScBUE
_dEG-ScBUE
082 0 4 _222
_a794.81536
_bTYK
100 1 _aTykoski, Scott,
_eauthor.
245 1 0 _aMastering game design with unity 2021 :
_bimmersive workflows, visual scripting, physics engine, game objects, player progression, publishing, and a lot more /
_cScott Tykoski.
264 1 _aLondon :
_bBPB Online,
_c2023.
300 _axxii, 517 pages :
_billustrations ;
_c28 cm
336 _2rdacontent
_atext
_btxt
337 _2rdamedia
_aunmediated
_bn
338 _2rdacarrier
_avolume
_bnc
504 _aIncludes bibliographical references and index.
650 7 _2BUEsh
_aComputer games
_xDesign.
650 7 _2BUEsh
_aVideo games
_xDesign.
653 _cOctober2023
_bART
_2GD
655 _vReading book
942 _2ddc
_cBB
999 _c30596
_d30567